National highways act, 1956 : (Record no. 42245)

MARC details
000 -LEADER
fixed length control field 00732nam a22002177a 4500
005 - DATE AND TIME OF LATEST TRANSACTION
control field 20100816141711.0
010 ## - LCCN (DPL NO)
LC control number ENG-100702
020 ## - INTERNATIONAL STANDARD BOOK NUMBER
Terms of availability 110.00
035 ## - SYSTEM CONTROL NUMBER
System control number EN-84235
037 ## - SOURCE OF ACQUISITION
Source of stock number/acquisition DBAD/PUB
082 ## - DEWEY DECIMAL CLASSIFICATION NUMBER
Classification number 343.73094
245 ## - TITLE STATEMENT
Title National highways act, 1956 :
Remainder of title 48 of 1956 /
260 ## - PUBLICATION, DISTRIBUTION, ETC. (IMPRINT)
Place of publication, distribution, etc Delhi
Name of publisher, distributor, etc Universal Law Pub. Co.
Date of publication, distribution, etc 2009
270 ## - ADDRESS
Address C-FF-1A, Dilkhush Industrial East
City Delhi
Postal code 110033
300 ## - PHYSICAL DESCRIPTION
Extent ix, [136] p.
Other physical details 24cm (Pbk)
650 ## - SUBJECT ADDED ENTRY--TOPICAL TERM
Topical term or geographic name as entry element National Highway System
650 ## - SUBJECT ADDED ENTRY--TOPICAL TERM
Topical term or geographic name as entry element Highway Law
700 ## - ADDED ENTRY--PERSONAL NAME
9 (RLIN) 14037
942 ## - ADDED ENTRY ELEMENTS (KOHA)
Source of classification or shelving scheme Dewey Decimal Classification
Item type English Books
Classification part 343.73094
Call number suffix THE
Holdings
Withdrawn status Lost status Not for loan Collection code Home library Current library Date acquired Cost, normal purchase price Full call number Barcode Copy number Cost, replacement price Koha item type
    Not For Loan Non-fiction D.B.Act.Division D.B.Act.Division 17/08/2010 110.00 343.73094 THE EN-84235 1 110.00 English Books

© Delhi Public Library
Hit Counter
free hit counter